[Event "Catalunya-ch Seniors"]
[Site "Malgrat del Mar"]
[Date "2023.05.20"]
[Round "7"]
[White "Garcia Paolicchi, Raul"]
[Black "Martinez Balaguer, Josep Maria"]
[Result "1-0"]
[WhiteElo "2090"]
[BlackElo "1669"]
[PlyCount "75"]
[EventDate "2023.05.14"]
[EventType "swiss"]
[EventRounds "8"]
[EventCountry "ESP"]
[SourceTitle "CBM 214 Extra"]
[Source "ChessBase"]
[SourceDate "2023.07.31"]
[SourceVersion "1"]
[SourceVersionDate "2023.07.31"]
[SourceQuality "1"]

1. d4 f5 2. g3 Nf6 3. Bg2 g6 4. c3 Bg7 5. Qb3 c6 6. Nd2 d5 7. Nh3 0-0 8. Nf3 Nbd7 9. Nf4 Nb6 10. Nd3 Nc4 11. Bf4 Nh5 12. Bc1 Qc7 13. Nf4 Nf6 14. Nd3 Nh5 15. h3 e5 16. dxe5 Nxe5 17. Ndxe5 Bxe5 18. Nxe5 Qxe5 19. Bf3 Nxg3 20. fxg3 Qxg3+ 21. Kd1 f4 22. Bd2 Qg5 23. Be1 Be6 24. Bf2 b6 25. Ke1 Rfe8 26. Qa4 c5 27. Rd1 Qe7 28. Qxf4 Rf8 29. Qg3 Rae8 30. Kf1 Rf5 31. Rg1 Kh8 32. Rg2 d4 33. cxd4 Bc4 34. Rd2 Ref8 35. Kg1 Bxa2 36. dxc5 bxc5 37. b4 cxb4 38. Rxa2 1-0

[Event "Catalunya-ch Seniors"]
[Site "Malgrat del Mar"]
[Date "2023.05.19"]
[Round "6"]
[White "Martinez Balaguer, Josep Maria"]
[Black "Lluverol Torrents, Salvador"]
[Result "0-1"]
[WhiteElo "1669"]
[BlackElo "1866"]
[PlyCount "70"]
[EventDate "2023.05.14"]
[EventType "swiss"]
[EventRounds "8"]
[EventCountry "ESP"]
[SourceTitle "CBM 214 Extra"]
[Source "ChessBase"]
[SourceDate "2023.07.31"]
[SourceVersion "1"]
[SourceVersionDate "2023.07.31"]
[SourceQuality "1"]

1. c4 c6 2. g3 d5 3. Bg2 Nf6 4. Nf3 Bf5 5. 0-0 e6 6. Qb3 Qb6 7. d3 Nbd7 8. Nc3 Nc5 9. Qxb6 axb6 10. Bf4 Be7 11. Bc7 Nfd7 12. cxd5 exd5 13. e4 dxe4 14. Nd4 Bg6 15. Nxe4 0-0 16. Rfd1 Ra4 17. Ne2 Rfa8 18. Nxc5 Nxc5 19. d4 Nb3 20. Nc3 Nxa1 21. Nxa4 Rxa4 22. Rxa1 Rxd4 23. Re1 Kf8 24. Bxb6 Rd2 25. a4 Rxb2 26. a5 Rb1 27. Rxb1 Bxb1 28. Kf1 Bd3+ 29. Ke1 Bb4+ 30. Kd1 Ke7 31. Bf3 Kd6 32. h4 Bc5 33. Kd2 Ba6 34. Bd8 Bxf2 35. g4 Kd7 0-1

[Event "Hospitalet de Llobregat op 4th"]
[Site "Hospitalet de Llobregat"]
[Date "2019.05.18"]
[Round "6"]
[White "Varela Cuadrado, Cesar M"]
[Black "Martinez Balaguer, Josep Maria"]
[Result "1/2-1/2"]
[WhiteElo "1829"]
[BlackElo "1671"]
[PlyCount "121"]
[EventDate "2019.04.06"]
[EventType "swiss"]
[EventRounds "9"]
[EventCountry "ESP"]
[SourceTitle "CBM 190 Extra"]
[Source "ChessBase"]
[SourceDate "2019.07.15"]
[SourceVersion "1"]
[SourceVersionDate "2019.07.15"]
[SourceQuality "1"]

1. e4 c5 2. Nf3 e6 3. g3 Nc6 4. Bg2 Nf6 5. Nc3 Be7 6. 0-0 0-0 7. d4 cxd4 8. Nxd4 d5 9. exd5 exd5 10. Be3 Bg4 11. Qd2 Bb4 12. a3 Ba5 13. Bf4 Ne4 14. Bxe4 dxe4 15. Nxc6 bxc6 16. Qxd8 Raxd8 17. b4 Bb6 18. Nxe4 Bf5 19. Rfe1 Rfe8 20. Nd6 Rxe1+ 21. Rxe1 Bxc2 22. Nb7 Rd1 23. Rxd1 Bxd1 24. Be3 Bf3 25. Bc5 f5 26. a4 Kf7 27. Bxb6 axb6 28. Nd6+ Ke6 29. Nc8 c5 30. bxc5 bxc5 31. Kf1 c4 32. Ke1 c3 33. Nb6 Kd6 34. a5 Kc5 35. Nd7+ Kb5 36. Ne5 Be4 37. Kd1 Kxa5 38. Nc4+ Kb4 39. Nd6 Kc5 40. Ne8 g6 41. Nf6 h5 42. Nd7+ Kd4 43. f4 h4 44. Nf8 hxg3 45. hxg3 Bf3+ 46. Kc2 Bh5 47. Ne6+ Ke3 48. Ng5 Kf2 49. Kxc3 Kxg3 50. Ne6 Kf3 51. Kd4 Kg4 52. Ke5 Kf3 53. Kf6 Ke4 54. Kg5 Kf3 55. Nf8 Ke3 56. Nh7 Kf3 57. Nf6 Kg3 58. Nd5 Kf3 59. Ne7 Ke4 60. Nc6 Kf3 61. Ne7 1/2-1/2

[Event "Barcelona Ponce Memorial 3rd"]
[Site "Barcelona"]
[Date "2018.04.28"]
[Round "4"]
[White "Baeza Labat, Josep Miguel"]
[Black "Martinez Balaguer, Josep Maria"]
[Result "1-0"]
[WhiteElo "2011"]
[BlackElo "1755"]
[PlyCount "67"]
[EventDate "2018.04.07"]
[EventType "swiss"]
[EventRounds "9"]
[EventCountry "ESP"]
[SourceTitle "CBM 184 Extra"]
[Source "ChessBase"]
[SourceDate "2018.06.28"]
[SourceVersion "1"]
[SourceVersionDate "2018.06.28"]
[SourceQuality "1"]

1. e4 c5 2. Nf3 Nc6 3. Bb5 g6 4. c3 Bg7 5. 0-0 Nf6 6. Re1 0-0 7. h3 d5 8. Bxc6 bxc6 9. e5 Nd7 10. d4 e6 11. Bf4 cxd4 12. cxd4 c5 13. Nc3 cxd4 14. Qxd4 Qb6 15. Qd2 Ba6 16. Bh6 Rfd8 17. Bxg7 Kxg7 18. b3 Rac8 19. Rac1 Qb4 20. Nd4 Rc7 21. Qf4 Qe7 22. Nxd5 Rxc1 23. Rxc1 exd5 24. Nc6 Qe8 25. Nxd8 Qxd8 26. Qd4 Nb6 27. e6+ f6 28. a4 Bb7 29. a5 Nc8 30. Qb4 Ba6 31. Rc6 Be2 32. Qb7+ Ne7 33. Rc7 Kf8 34. Qxa7 1-0

[Event "Barcelona Sant Marti op-B 18th"]
[Site "Barcelona"]
[Date "2016.07.14"]
[Round "2.28"]
[White "Martinez Balaguer, Josep Maria"]
[Black "Pera Muntasell, Marc"]
[Result "1/2-1/2"]
[WhiteElo "1834"]
[BlackElo "1450"]
[PlyCount "83"]
[EventDate "2016.07.13"]
[EventType "swiss"]
[EventRounds "9"]
[EventCountry "ESP"]
[SourceTitle "EXT 2024"]
[Source "ChessBase"]
[SourceDate "2023.10.10"]
[SourceVersion "1"]
[SourceVersionDate "2023.10.10"]
[SourceQuality "1"]

1. c4 e6 2. Nc3 Nf6 3. e4 d5 4. e5 Ne4 5. d4 Nxc3 6. bxc3 c5 7. Qg4 f6 8. Bd3 f5 9. Qg3 dxc4 10. Bxc4 cxd4 11. Nh3 Qc7 12. Bb5+ Bd7 13. Bxd7+ Nxd7 14. 0-0 Qxc3 15. Bf4 Qxg3 16. Bxg3 Bc5 17. Nf4 Kf7 18. Rac1 Rac8 19. Nd3 Bb6 20. Bf4 Nc5 21. Nb2 Ne4 22. Nc4 Bc5 23. h4 b5 24. Nd6+ Nxd6 25. exd6 Ba3 26. Rcd1 Rc4 27. Rd3 Bc5 28. Rfd1 Rd8 29. Be5 Bxd6 30. Bxd4 Be7 31. g3 a6 32. Kg2 Rc2 33. a3 Ra2 34. Be5 Rxd3 35. Rxd3 Rxa3 36. Rd7 Ke8 37. Rb7 g6 38. Rb8+ Bd8 39. Rb7 Be7 40. Rb8+ Bd8 41. Rb7 Be7 42. Rb8+ 1/2-1/2

[Event "Barcelona Llobregat op 5th"]
[Site "Barcelona"]
[Date "2014.05.17"]
[Round "6"]
[White "Pallares Gurrea, Aitor Alexander"]
[Black "Martinez Balaguer, Josep Maria"]
[Result "1-0"]
[WhiteElo "1870"]
[BlackElo "1946"]
[PlyCount "85"]
[EventDate "2014.04.05"]
[EventType "swiss"]
[EventRounds "8"]
[EventCountry "ESP"]
[SourceTitle "CBM 160 Extra"]
[Source "ChessBase"]
[SourceDate "2014.07.01"]
[SourceVersion "1"]
[SourceVersionDate "2014.07.01"]
[SourceQuality "1"]

1. d4 f5 2. c4 Nf6 3. Nc3 g6 4. Nf3 Bg7 5. Bg5 h6 6. Bxf6 Bxf6 7. e4 d6 8. Bd3 e6 9. 0-0 0-0 10. Qd2 g5 11. d5 g4 12. Ne1 Bg5 13. Qc2 Na6 14. a3 e5 15. b4 f4 16. c5 b6 17. cxd6 cxd6 18. f3 h5 19. Rc1 Nc7 20. Nb5 Ne8 21. Nc7 Rb8 22. Nxe8 Rxe8 23. Bb5 Re7 24. Nd3 a6 25. Ba4 b5 26. Bb3 h4 27. Qe2 h3 28. Rc2 g3 29. hxg3 fxg3 30. f4 Qb6+ 31. Kh1 exf4 32. Nxf4 hxg2+ 33. Kxg2 Bf5 34. Ne6 Rh7 35. Rxf5 Rh2+ 36. Kxg3 Qg1+ 37. Qg2 Rxg2+ 38. Rxg2 Qe3+ 39. Rf3 Qe1+ 40. Kh2 Kh8 41. Nxg5 Rb7 42. Rh3+ Kg8 43. Nf3+ 1-0

[Event "Llobregat op 2nd"]
[Site "Llobregat"]
[Date "2009.12.28"]
[Round "2"]
[White "Exposito Amaro, Josue"]
[Black "Martinez Balaguer, Josep Maria"]
[Result "1-0"]
[WhiteElo "2231"]
[BlackElo "1980"]
[PlyCount "57"]
[EventDate "2009.12.27"]
[EventType "swiss"]
[EventRounds "7"]
[EventCountry "ESP"]
[SourceTitle "CBM 134 Extra"]
[Source "ChessBase"]
[SourceDate "2010.03.03"]
[SourceVersion "1"]
[SourceVersionDate "2010.03.03"]
[SourceQuality "1"]

1. Nc3 c5 2. d4 cxd4 3. Qxd4 Nf6 4. Bg5 Nc6 5. Qh4 Qb6 6. 0-0-0 d6 7. e4 Be6 8. f4 0-0-0 9. f5 Bd7 10. Nf3 Kb8 11. Bc4 Be8 12. Rhe1 Nd7 13. Nd5 Qc5 14. Bb3 f6 15. Be3 Qa5 16. Nf4 Nde5 17. Rd5 Qa6 18. Ne6 Rc8 19. Nxe5 Nxe5 20. Kb1 Ba4 21. Rd4 Bxb3 22. axb3 Qc6 23. Re2 Qb5 24. Qe1 g6 25. Rb4 Qc6 26. Nd4 Qd7 27. Ra4 Ng4 28. Rxa7 Nxe3 29. Qa5 1-0

[Event "Barbera del Valles op 29th"]
[Site "Barbera del Valles"]
[Date "2006.07.06"]
[Round "2"]
[White "Cruz Estrada, Filemon"]
[Black "Martinez Balaguer, Josep Maria"]
[Result "1-0"]
[WhiteElo "2389"]
[BlackElo "1938"]
[PlyCount "81"]
[EventDate "2006.07.05"]
[EventType "swiss"]
[EventRounds "9"]
[EventCountry "ESP"]
[SourceTitle "CBM 113 Extra"]
[Source "ChessBase"]
[SourceDate "2006.09.14"]
[SourceVersion "1"]
[SourceVersionDate "2006.09.14"]
[SourceQuality "1"]

1. d4 f5 2. g3 Nf6 3. Bg2 g6 4. Nh3 Bg7 5. c3 c6 6. Nd2 0-0 7. Nf3 d6 8. Nf4 Qe8 9. Qb3+ Kh8 10. Ne6 Bxe6 11. Qxe6 Na6 12. Qb3 Rb8 13. Ng5 Nc7 14. Ne6 Nxe6 15. Qxe6 Qf7 16. Qxf7 Rxf7 17. a4 e5 18. dxe5 dxe5 19. Be3 a6 20. 0-0-0 e4 21. Kc2 b5 22. axb5 axb5 23. Bf4 Rc8 24. f3 Re7 25. Bg5 exf3 26. Bxf3 h6 27. Bxf6 Bxf6 28. Rd6 Kg7 29. Ra1 g5 30. Ra6 g4 31. Bxc6 Rxe2+ 32. Kb3 Bg5 33. Rd7+ Kf8 34. Bxb5 Rb8 35. Rd5 Rf2 36. Kc4 Rxb2 37. Rxf5+ Kg7 38. Bc6 Rxh2 39. Ra7+ Kg6 40. Be4 Rc8+ 41. Rc5+ 1-0